vufinder Bibliothèque Municipale de Charleval de Provence
Se connecter

Poussières

nouvelles 1931-1934

Book Cover
Auteur principal: Jean Anglade Auteur du texte
D'autres auteurs: HELENE ANGLADE
Support: Livres
Langue: Francais
Publié: 2020 Presses de la Cité Paris
Genre: Roman
Collection: Terres de France
Sujets:
Étiquettes: Ajouter
Pas de Tags !

LEADER 01592nam0a2200217 450
001 16835703
010 |a 978-2-258-16234-1  |b br.  |d 20 € 
100 |a 20201216d2020 u u0frey01 ba 
101 0 |a fre 
102 |a FR 
200 0 |a Poussières  |e nouvelles 1931-1934 
207 1 |a   
210 |a Paris  |b 8 rue Garancière.  |c Presses de la Cité  |d 2020 
215 |a 1 vol. (224 p.)  |d 23 cm 
225 1 |a Terres de France 
330 |a Dix-huit récits et nouvelles inédits écrits de 1931 à 1934 par Jean Anglade. Dix-huit histoires et autant de petits bonheurs littéraires. Dix-huit nouvelles où pointe déjà tout le talent du conteur : son regard tour à tour tendre, caustique, affûté, posé sur ses personnages, sur une vie simple et sur les beautés champêtres. On y rencontre pêle-mêle : Zozo, qui, sur le chemin de l'école, arrive en retard en classe à cause d'un sentier et d'un pivert trop bavards ; un percepteur à la vocation frustrée de poète, n'osant déclarer son amour à une belle Italienne ; Rémy, facétieux facteur, qui livre sans le savoir les lettres de sa femme à son amant ; le petit Maxime, goitreux à cause d'une salamandre, et rejeté par tout un village... Mais aussi un joueur de vielle, un village du nom de Branquignoles, un futur agrégé de mathématiques et tant d'autres, qui peuplent ce savoureux recueil. 
700 0 |a Anglade  |b Jean  |c Auteur du texte  |f 1915-....  |4 70 
702 0 |a ANGLADE  |b HELENE  |4 70 
900 |a Roman 
901 |a Accessible au prêt 
995 |a Bibliothèque  |c Bibliothèque  |f 024021143  |h 024021143  |k R ANG  |o p  |q a  |r az  |e Bibliothèque 

Options de recherche

Historique de recherche
Recherche avancée

Trouver plus

Nouveautés

Besoin d'aide ?

Contacter un bibliothécaire